Математичні машини і системи (Запис № 414894)
[ простий вигляд ]
| 000 -Лідер | |
|---|---|
| fixed length control field | 01472nam a22002777a 4500 |
| 003 - Ідентифікатор контрольного номера | |
| control field | UA-OsUOA |
| 001 - Контрольний номер | |
| control field | 127627 |
| 007 - Фіксоване поле фізичного опису | |
| fixed length control field | ta |
| 008 - Елементи даних фіксованої довжини – загальна інформація | |
| fixed length control field | 20171207b un ||||| |||| 00| 0 ukr d |
| 090 ## - Локальний шифр розміщення | |
| Класифікаційний індекс УДК | 004 |
| Авторський знак (НП) | М34 |
| 040 ## - Джерело каталогізації | |
| Агенція оригінальної каталогізації | UA-OsUOA |
| Мова каталогізації | ukr |
| Агенція, яка здійснювала перезапис | UA-OsUOA |
| Агенція, яка здійснювала модифікацію | UA-OsUOA |
| 041 ## - Код мови | |
| Код мови тексту/ звукової доріжки чи окремого заголовка (П) | ukr |
| 080 ## - Індекс Універсальної десяткової класифікації | |
| Індекс Універсальної десяткової класифікації (УДК) (НП) | 004 |
| 022 ## - Міжнародний стандартний серіальний номер (ISSN) | |
| Міжнародний стандартний серіальний номер (ISSN) | 2310-8479 |
| 044 ## - Код країни видавця/ виробника | |
| Код країни видавця/ виробника (П) | UA |
| 099 ## - Місцевий розмір звичайного тексту (OCLC) | |
| Передплатний індекс | 37787 |
| 245 ## - Відомості про назву | |
| Назва (НП) | Математичні машини і системи |
| Решта назви (НП) | Засновники: Національна академія наук України, Інститут проблем математичних машин і систем НАН України |
| 260 ## - Публікація, розповсюдження і т.п. (Вихідні дані) | |
| Місце публікації, розповсюдження і т.п. (П) | К. |
| 246 31 - Інша форма назви | |
| Назва (НП) | Науковий журнал |
| Номер частини/ розділ роботи (П) | |
| 520 3# - Резюме і т.п. | |
| Резюме, реферат, анотація, тощо (НП) | Проблематика: Публікація оригінальних і оглядових робіт з основних проблем сучасних теоретичних основ інформатики та кібернетики, обчислювальних машин, систем та мереж, нейрокібернетики та інтелектуальних систем, ознайомлення читачів з сьогоденними но |
| 520 3# - Резюме і т.п. | |
| Резюме, реферат, анотація, тощо (НП) | вими інформаційними і телекомунікаційними технологіями. |
| 650 #7 - Додаткове предметне введення – тематичний термін | |
| Тематичний термін чи географічна назва, як елемент введення (НП) | 00 Загальні питання науки і культури |
| Джерело заголовка чи терміна | UDC |
| 856 40 - Електронне місцезнаходження та доступ | |
| Уніфікований ідентифікатор ресурсу (П) | http://dspace.nbuv.gov.ua/handle/123456789/173 |
| 942 ## - Додаткові елементи входу (Коха) | |
| Тип елемента Koha | Журнал |
| 955 ## - Код типу видання за змістом | |
| Код типу видання за змістом (НП) | Наукові видання |
Немає доступних примірників.